[Event "12th SRB-ch Women 2018"]
[Site "Kragujevac"]
[Date "2018.03.24"]
[Round "8"]
[White "Djukic, Sandra"]
[Black "Milosevic, Jovana"]
[Result "1/2-1/2"]
[WhiteElo "2174"]
[BlackElo "2109"]
[Annotator "RC"]
[PlyCount "187"]
[EventDate "2018.??.??"]
[EventType "tourn"]
[EventCountry "SRB"]
[SourceTitle "playchess.com"]
[Source "ChessBase"]
[SourceQuality "1"]
[TimeControl "40/5400+30:1800+30"]

1. d4 {[%emt 0:00:00]} d5 {[%emt 0:00:05]} 2. c4 {[%emt 0:00:00]} e6 {[%emt 0:00:05]} 3. Nc3 {[%emt 0:00:14]} Nf6 {[%emt 0:00:05]} 4. Nf3 {[%emt 0:00:10]} c6 {[%emt 0:00:10]} 5. Qb3 {[%emt 0:00:36]} Nbd7 {[%emt 0:02:22]} 6. Bg5 {[%emt 0:01:33]} Be7 {[%emt 0:00:11]} 7. e3 {[%emt 0:00:05]} O-O {[%emt 0:00:23]} 8. Qc2 {[%emt 0:10:19]} h6 {[%emt 0:05:24]} 9. Bh4 {[%emt 0:00:41]} dxc4 {[%emt 0:00:24]} 10. Bxc4 {[%emt 0:00:09]} b5 {[%emt 0:04:21]} 11. Be2 {[%emt 0:05:48]} Bb7 {[%emt 0:01:23]} 12. O-O {[%emt 0:00:04]} Rc8 {[%emt 0:22:25]} 13. Rfd1 {[%emt 0:02:16]} b4 {[%emt 0:06:35]} 14. Na4 {[%emt 0:21:20]} c5 {[%emt 0:09:30]} 15. dxc5 {[%emt 0:02:30]} Ne4 {[%emt 0:01:11]} 16. Ne5 {[%emt 0:42:36]} Bxh4 {[%emt 0:12:55]} 17. Rxd7 {[%emt 0:02:38]} Bxf2+ {[%emt 0:07:09]} 18. Kf1 {[%emt 0:00:02]} Qf6 {[%emt 0:01:40]} 19. Bf3 {[%emt 0:03:10]} Ba6+ {[%emt 0:02:52]} 20. Nc4 {[%emt 0:00:05]} Nxc5 {[%emt 0:04:57]} 21. Nxc5 {[%emt 0:00:22]} Rxc5 {[%emt 0:00:05]} 22. Qxf2 {[%emt 0:01:35]} Rxc4 {[%emt 0:01:58]} 23. Kg1 {[%emt 0:00:05]} Rfc8 {[%emt 0:00:22]} 24. Rad1 {[%emt 0:02:11]} R4c7 {[%emt 0:05:39]} 25. Rxc7 {[%emt 0:03:24]} Rxc7 {[%emt 0:00:05]} 26. Qd2 {[%emt 0:00:25]} Bb7 {[%emt 0:03:05]} 27. Bxb7 {[%emt 0:00:38]} Rxb7 {[%emt 0:00:06]} 28. Rc1 {[%emt 0:00:26]} Kh7 {[%emt 0:02:15]} 29. h3 {[%emt 0:00:31]} Qf5 {[%emt 0:04:13]} 30. Qd4 {[%emt 0:00:32]} e5 {[%emt 0:00:29]} 31. Qd5 {[%emt 0:00:07]} Rd7 {[%emt 0:00:20]} 32. Qc6 {[%emt 0:00:55]} Qd3 {[%emt 0:00:23]} 33. Qf3 {[%emt 0:00:22]} Rd6 {[%emt 0:01:12]} 34. Kh1 {[%emt 0:00:38]} Rf6 {[%emt 0:00:28]} 35. Qg3 {[%emt 0:00:03]} Qd2 {[%emt 0:01:32]} 36. Rb1 {[%emt 0:00:46]} Qc2 {[%emt 0:00:18]} 37. Qe1 {[%emt 0:00:35]} Rf2 {[%emt 0:00:36]} 38. Rc1 {[%emt 0:00:02]} Qxb2 {[%emt 0:00:38]} 39. Rb1 {[%emt 0:00:13]} Qd2 {[%emt 0:00:52]} 40. Qxd2 {[%emt 0:00:42]} Rxd2 {[%emt 0:30:04]} 41. Rxb4 {[%emt 0:30:06]} Rxa2 {[%emt 0:00:06]} 42. e4 {[%emt 0:01:28]} Kg6 {[%emt 0:00:00]} 43. Kh2 {[%emt 0:00:00]} f5 {[%emt 0:00:00]} 44. exf5+ {[%emt 0:00:00]} Kxf5 {[%emt 0:00:00]} 45. Kg3 {[%emt 0:00:00]} Ra3+ {[%emt 0:00:00]} 46. Kf2 {[%emt 0:00:00]} h5 {[%emt 0:00:00]} 47. h4 {[%emt 0:00:00]} a5 {[%emt 0:00:00]} 48. Rb8 {[%emt 0:00:00]} a4 {[%emt 0:00:00]} 49. Rf8+ {[%emt 0:00:00]} Ke4 {[%emt 0:00:00]} 50. Rf7 {[%emt 0:00:00]} Ra1 {[%emt 0:00:00]} 51. Rxg7 {[%emt 0:00:00]} a3 {[%emt 0:00:00]} 52. Ra7 {[%emt 0:00:00]} Ra2+ {[%emt 0:00:00]} 53. Kg3 {[%emt 0:00:00]} Ke3 {[%emt 0:00:00]} 54. Kh3 {[%emt 0:00:00]} Ra1 {[%emt 0:02:32]} 55. g4 {[%emt 0:00:00]} a2 {[%emt 0:00:23]} 56. Kg2 {[%emt 0:00:00]} hxg4 {[%emt 0:02:23]} 57. h5 {[%emt 0:00:00]} Kf4 {[%emt 0:02:51]} 58. h6 {[%emt 0:00:00]} Rd1 {[%emt 0:00:09]} 59. h7 {[%emt 0:00:00]} Rd2+ {[%emt 0:00:07]} 60. Kg1 {[%emt 0:00:00]} Rd8 {[%emt 0:01:48]} 61. Rxa2 {[%emt 0:00:00]} g3 {[%emt 0:00:56]} 62. Ra7 {[%emt 0:00:00]} Rf8 {[%emt 0:00:49]} 63. Rf7+ {[%emt 0:00:00]} Rxf7 {[%emt 0:00:10]} 64. h8=Q {[%emt 0:00:00]} Rf5 {[%emt 0:00:16]} 65. Kg2 {[%emt 0:00:00]} Rg5 {[%emt 0:00:35]} 66. Qf8+ {[%emt 0:00:00]} Rf5 {[%emt 0:00:46]} 67. Qa3 {[%emt 0:00:00]} Ke4 {[%emt 0:00:42]} 68. Kxg3 {[%emt 0:03:09]} Rf4 {[%emt 0:00:06]} 69. Qc5 {[%emt 0:00:43]} Kf5 {[%emt 0:00:15]} 70. Qe7 {[%emt 0:01:03]} Ke4 {[%emt 0:00:09]} 71. Qc5 {[%emt 0:00:57]} Kf5 {[%emt 0:00:06]} 72. Qd5 {[%emt 0:00:11]} Kf6 {[%emt 0:00:12]} 73. Qd7 {[%emt 0:01:20]} Rd4 {[%emt 0:00:43]} 74. Qc6+ {[%emt 0:00:06]} Kf5 {[%emt 0:00:13]} 75. Kf3 {[%emt 0:00:11]} Rd3+ {[%emt 0:00:30]} 76. Ke2 {[%emt 0:00:05]} e4 {[%emt 0:00:07]} 77. Qc7 {[%emt 0:02:36]} Rf3 {[%emt 0:00:21]} 78. Qh2 {[%emt 0:03:04]} Rd3 {[%emt 0:00:10]} 79. Qh5+ {[%emt 0:00:04]} Kf4 {[%emt 0:00:07]} 80. Qh6+ {[%emt 0:00:10]} Kf5 {[%emt 0:00:11]} 81. Qh7+ {[%emt 0:00:19]} Kf4 {[%emt 0:00:08]} 82. Qh6+ {[%emt 0:02:31]} Kf5 {[%emt 0:00:25]} 83. Qh7+ {[%emt 0:02:26]} Kf4 {[%emt 0:00:08]} 84. Qc7+ {[%emt 0:01:52]} Kf5 {[%emt 0:00:16]} 85. Qc5+ {[%emt 0:00:41]} Kf4 {[%emt 0:00:08]} 86. Qb6 {[%emt 0:00:24]} Ke5 {[%emt 0:00:10]} 87. Qa7 {[%emt 0:00:28]} Kd5 {[%emt 0:00:38]} 88. Qb8 {[%emt 0:00:15]} Rf3 {[%emt 0:00:12]} 89. Qb5+ {[%emt 0:00:52]} Kd4 {[%emt 0:00:09]} 90. Qb6+ {[%emt 0:00:33]} Kd5 {[%emt 0:00:09]} 91. Qd8+ {[%emt 0:00:24]} Ke5 {[%emt 0:00:20]} 92. Qe7+ {[%emt 0:00:13]} Kd5 {[%emt 0:00:07]} 93. Qb4 {[%emt 0:00:51]} Rd3 {[%emt 0:00:12]} 94. Qb7+ {[%emt 0:00:18]} 1/2-1/2

[Event "12th SRB-ch Women 2018"]
[Site "Kragujevac"]
[Date "2018.03.25"]
[Round "9"]
[White "Injac, Teodora"]
[Black "Djukic, Sandra"]
[Result "1/2-1/2"]
[WhiteElo "2291"]
[BlackElo "2174"]
[Annotator "TA"]
[PlyCount "47"]
[EventDate "2018.??.??"]
[EventType "tourn"]
[EventCountry "SRB"]
[SourceTitle "playchess.com"]
[Source "ChessBase"]
[SourceQuality "1"]

{[%evp 17,47,14,39,-9,-9,-9,-6,-9,-10,-23,0,0,1,0,0,-48,0,0,0,-8,-6,-3,-8,-3,-5,-10,-4,-9,-6,-4,0,-9]} 1. d4 Nf6 2. Nf3 e6 3. g3 d5 4. c4 dxc4 5. Bg2 c5 6. O-O Nc6 7. Qa4 Bd7 8. Qxc4 cxd4 9. Nxd4 Rc8 10. Qd3 {E04: Open Catalan: 5 Nf3} (10. Nc3 Nxd4 11. Qxd4 Bc5 12. Qh4 O-O 13. Bxb7 Rb8 14. Bf3 h6 15. Qf4 Re8 16. Ne4 Nxe4 17. Qxe4 Qc7 18. b3 f5 19. Qb1 e5 20. Bb2 {1-0 (56) Fedoseev,V (2718)-Vidit,S (2715) Riadh 2017}) 10... Nxd4 $146 ({Predecessor:} 10... Qb6 11. Nxc6 Bxc6 12. Bxc6+ Rxc6 13. Nc3 Be7 14. Rb1 O-O 15. Be3 Qa5 16. Qb5 Qxb5 17. Nxb5 a6 {½-½ (31) Khan,F (1250)-Harivardhini,I (1714) Chennai 2016}) 11. Qxd4 Bc5 12. Qd1 Bc6 13. Nc3 Qxd1 (13... O-O {feels hotter.} 14. Qxd8 Rfxd8 15. Bxc6 Rxc6 16. Bf4 Rdc8) 14. Rxd1 O-O 15. Bxc6 (15. Bd2 {seems wilder.} h6 16. Rac1 Rfd8 17. Be1 Bd6 18. e3) 15... Rxc6 16. Bg5 Be7 17. Rac1 {The position is equal.} Rfc8 18. Nb5 Rxc1 19. Rxc1 Rxc1+ 20. Bxc1 $11 {KBN-KBN} a6 21. Nd4 Kf8 22. Nb3 Ke8 23. f3 Nd5 24. a3 {Precision: White = 24%, Black = 56%.} 1/2-1/2

[Event "12th SRB-ch Women 2018"]
[Site "Kragujevac"]
[Date "2018.03.25"]
[Round "9"]
[White "Chelushkina, Irina"]
[Black "Eric, Jovana"]
[Result "1/2-1/2"]
[WhiteElo "2261"]
[BlackElo "2265"]
[Annotator "TA"]
[PlyCount "40"]
[EventDate "2018.??.??"]
[EventType "tourn"]
[EventCountry "SRB"]
[SourceTitle "playchess.com"]
[Source "ChessBase"]
[SourceQuality "1"]

{[%evp 17,18,-10,0]} 1. g3 g6 2. Bg2 Bg7 3. Nf3 Nf6 4. O-O d6 5. d3 O-O 6. e4 c5 7. Nc3 Nc6 8. h3 a6 9. a4 Rb8 {Predecessor:} 10. Be3 $146 b5 11. axb5 axb5 12. Qd2 b4 13. Ne2 Bb7 14. Bh6 Ra8 15. Rab1 e6 16. Rfe1 Qc7 17. Qe3 Rfe8 18. Bxg7 Kxg7 19. g4 Nd7 20. Ng3 Ra2 {½-½ (101) Inarkiev,E (2684)-Van Wely,L (2676) Dagomys 2008} 1/2-1/2

[Event "12th SRB-ch Women 2018"]
[Site "Kragujevac"]
[Date "2018.03.25"]
[Round "9"]
[White "Benderac, Ana"]
[Black "Velikic, Adela"]
[Result "1/2-1/2"]
[WhiteElo "2226"]
[BlackElo "2293"]
[Annotator "NA"]
[PlyCount "90"]
[EventDate "2018.??.??"]
[EventType "tourn"]
[EventCountry "SRB"]
[SourceTitle "playchess.com"]
[Source "ChessBase"]
[SourceQuality "1"]
[TimeControl "40/5400+30:1800+30"]

1. d4 {[%emt 0:00:00]} d5 {[%emt 0:00:04]} 2. Nf3 {[%emt 0:00:12]} Nf6 {[%emt 0:00:09]} 3. e3 {[%emt 0:01:14]} c6 {[%emt 0:00:07]} 4. c4 {[%emt 0:01:12]} e6 {[%emt 0:01:10] LiveBook: 5820 Games} 5. cxd5 {[%emt 0:00:27] D30: Queen's Gambit Declined: Systems without Nc3} (5. Bd3 g6 6. b3 Bg7 7. Ba3 Qa5+ 8. Qd2 Qxd2+ 9. Nbxd2 Bf8 10. Bxf8 Kxf8 11. Ke2 Nbd7 12. Rhc1 Kg7 13. b4 {½-½ (44) Topalov,V (2749)-Nakamura,H (2780) Saint Louis 2017}) 5... exd5 {[%emt 0:00:36]} 6. Bd3 {[%emt 0:00:24]} Bd6 {[%emt 0:01:53]} 7. O-O {[%emt 0:04:40]} Nbd7 {[%emt 0:06:20]} 8. b3 {[%emt 0:00:24]} O-O {[%emt 0:13:03]} 9. Ba3 {[%emt 0:01:59]} Bxa3 $146 {[%emt 0:04:31]} ({Predecessor:} 9... Qe7 10. Bxd6 Qxd6 11. Nc3 Re8 12. Qc2 Nf8 {0-1 (44) Mejsnar,M (1926)-Solovic,R (1838) Slovakia 2017}) 10. Nxa3 {[%emt 0:00:05]} Qe7 {[%emt 0:01:15]} 11. Nb1 {[%emt 0:00:44]} Ne4 {[%emt 0:12:32]} 12. Qc2 {[%emt 0:03:36]} Re8 {[%emt 0:15:05]} 13. Nc3 {[%emt 0:00:39]} Ndf6 {[%emt 0:05:52]} 14. Ne5 {[%emt 0:21:33]} Bf5 {[%emt 0:11:37]} 15. Rac1 {[%emt 0:19:53]} Nxc3 {[%emt 0:06:45]} 16. Qxc3 {[%emt 0:05:06]} Bxd3 {[%emt 0:00:04]} 17. Nxd3 {[%emt 0:03:13]} Ne4 {[%emt 0:00:16]} 18. Qb4 {[%emt 0:02:13]} Qxb4 {[%emt 0:04:13]} 19. Nxb4 {[%emt 0:00:06]} a5 {[%emt 0:01:36]} 20. Nd3 {[%emt 0:00:05]} a4 {[%emt 0:00:47]} 21. Nc5 {[%emt 0:01:33]} axb3 {[%emt 0:05:23]} 22. Nxe4 {[%emt 0:05:13]} b2 {[%emt 0:02:31]} 23. Rb1 $11 {[%emt 0:00:04]} Rxe4 {[%emt 0:00:52]} 24. Rxb2 {[%emt 0:00:04]} Re7 {[%emt 0:00:06]} 25. Rfb1 {[%emt 0:01:27]} b5 {[%emt 0:04:47]} 26. Rc2 {[%emt 0:01:14]} Re6 {[%emt 0:00:10]} 27. Rb4 {[%emt 0:01:19]} Kf8 {[%emt 0:01:32]} 28. a4 {[%emt 0:13:28]} Ke7 {[%emt 0:00:42]} 29. Kf1 {[%emt 0:00:42]} Rxa4 {[%emt 0:00:19]} 30. Rxa4 {[%emt 0:00:05]} bxa4 {[%emt 0:00:02]} 31. Ra2 {[%emt 0:00:36]} c5 {[%emt 0:00:41]} 32. Rxa4 {[%emt 0:01:34]} cxd4 {[%emt 0:00:53]} 33. Rxd4 {[%emt 0:00:12]} Kd6 {[%emt 0:00:15]} 34. Ra4 {[%emt 0:00:18]} Re7 {[%emt 0:00:26]} 35. Ke2 {[%emt 0:00:12]} Rb7 {[%emt 0:00:19]} 36. Ra2 {[%emt 0:00:56]} Rc7 {[%emt 0:00:51]} 37. Kd3 {[%emt 0:00:13]} Rb7 {[%emt 0:00:33]} 38. Ra6+ {[%emt 0:00:20]} Ke5 {[%emt 0:00:35]} 39. f4+ {[%emt 0:03:03]} Kf5 {[%emt 0:00:02]} 40. h3 {[%emt 0:00:19]} h5 {[%emt 0:30:46]} 41. Rd6 {[%emt 0:30:23]} Rb3+ {[%emt 0:00:00]} 42. Kd4 {[%emt 0:00:00]} Rb4+ {[%emt 0:00:00]} 43. Kc3 {[%emt 0:00:00]} Rb5 {[%emt 0:00:00]} 44. Kd4 {[%emt 0:00:00]} Rb4+ {[%emt 0:00:00]} 45. Kc3 {[%emt 0:00:00]} Rb5 {[%emt 0:00:00]} 1/2-1/2

[Event "12th SRB-ch Women 2018"]
[Site "Kragujevac"]
[Date "2018.03.25"]
[Round "9"]
[White "Zarkovic, Mila"]
[Black "Gajcin, Marina"]
[Result "1-0"]
[WhiteElo "2219"]
[BlackElo "2295"]
[Annotator "NA"]
[PlyCount "121"]
[EventDate "2018.??.??"]
[EventType "tourn"]
[EventCountry "SRB"]
[SourceTitle "playchess.com"]
[Source "ChessBase"]
[SourceQuality "1"]
[TimeControl "40/5400+30:1800+30"]

1. e4 {[%emt 0:00:00]} c5 {[%emt 0:00:04]} 2. Nf3 {[%emt 0:00:00]} d6 {[%emt 0:00:02]} 3. d4 {[%emt 0:00:00]} cxd4 {[%emt 0:00:04]} 4. Nxd4 {[%emt 0:01:21]} Nf6 {[%emt 0:00:05]} 5. Nc3 {[%emt 0:00:04]} a6 {[%emt 0:00:03]} 6. Be2 {[%emt 0:05:14]} e5 {[%emt 0:07:01]} 7. Nb3 {[%emt 0:00:04]} Be7 {[%emt 0:03:36]} 8. O-O {[%emt 0:00:06]} O-O {[%emt 0:01:28]} 9. Re1 {[%emt 0:08:15]} Be6 {[%emt 0:04:04] B92: Sicilian Najdorf: 6 Be2} 10. Bf3 {[%emt 0:00:03]} Nbd7 {[%emt 0:12:49]} 11. a4 {[%emt 0:00:35]} Rc8 {[%emt 0:02:02]} 12. Nd2 {[%emt 0:01:06]} Qa5 {[%emt 0:13:26]} 13. Nf1 {[%emt 0:01:09]} b5 {[%emt 0:01:46] LiveBook: 9 Games} 14. Ne3 {[%emt 0:13:34]} b4 {[%emt 0:09:41]} 15. Ncd5 {[%emt 0:00:17]} Bxd5 {[%emt 0:00:06]} 16. exd5 {[%emt 0:19:53]} g6 {[%emt 0:02:24]} 17. Bd2 {[%emt 0:03:03]} Ne8 $146 {[%emt 0:10:50]} 18. c3 {[%emt 0:04:10]} bxc3 {[%emt 0:00:05]} 19. Bxc3 {[%emt 0:00:20]} Qb6 {[%emt 0:00:16]} 20. a5 {[%emt 0:00:27]} Qb7 {[%emt 0:01:16]} 21. Ra4 {[%emt 0:04:17]} f5 {[%emt 0:04:19]} 22. Nc4 {[%emt 0:04:26]} Qc7 {[%emt 0:03:10]} (22... Nef6 $11) 23. Rb4 {[%emt 0:04:28]} Rb8 {[%emt 0:04:28]} 24. Rxb8 {[%emt 0:03:01]} Qxb8 {[%emt 0:00:01] [#]} 25. Qa4 $1 {[%emt 0:01:44]} Nef6 {[%emt 0:03:04]} 26. Qc6 $16 {[%emt 0:03:06]} e4 {[%emt 0:08:00]} 27. Be2 {[%emt 0:01:38]} Nc5 {[%emt 0:03:10]} 28. Nb6 {[%emt 0:00:03]} Bd8 {[%emt 0:04:31]} 29. Bxf6 {[%emt 0:08:42]} Bxf6 {[%emt 0:00:43]} 30. b4 {[%emt 0:00:07]} Nd3 {[%emt 0:00:33]} 31. Bxd3 exd3 32. Rd1 {[%emt 0:09:37]} Qe8 {[%emt 0:01:53]} 33. Qxd6 {[%emt 0:00:02]} Bc3 {[%emt 0:01:25]} 34. Qe6+ {[%emt 0:03:13]} Qxe6 {[%emt 0:00:04]} 35. dxe6 {[%emt 0:00:04]} Bxb4 {[%emt 0:00:17]} 36. Nd5 {[%emt 0:00:52]} Bxa5 {[%emt 0:00:32]} 37. e7 {[%emt 0:00:14]} Rc8 {[%emt 0:00:57]} 38. Nf6+ {[%emt 0:00:23]} Kf7 {[%emt 0:00:03]} 39. e8=Q+ {[%emt 0:00:06]} Rxe8 {[%emt 0:00:30]} 40. Nxe8 {[%emt 0:00:30]} Kxe8 {[%emt 0:30:30]} 41. Rxd3 {[%emt 0:30:30]} Bb4 {[%emt 0:00:30]} 42. Rh3 {[%emt 0:00:30]} h5 {[%emt 0:00:30]} 43. Rd3 {[%emt 0:00:00]} a5 {[%emt 0:00:00]} 44. h4 {[%emt 0:00:00]} Ke7 {[%emt 0:00:00]} 45. Kf1 {[%emt 0:00:00]} Bd6 {[%emt 0:00:00]} 46. Rd5 {[%emt 0:00:00]} a4 {[%emt 0:00:00]} 47. Ra5 {[%emt 0:00:00]} a3 {[%emt 0:00:00]} 48. Ke2 {[%emt 0:00:00]} Ke6 {[%emt 0:00:00]} 49. Ke3 {[%emt 0:00:00]} Bb4 {[%emt 0:00:00]} 50. Ra6+ {[%emt 0:00:00]} Kf7 {[%emt 0:00:00]} 51. g3 {[%emt 0:00:00]} Bc5+ {[%emt 0:00:00]} 52. Kf4 {[%emt 0:03:52]} Bb4 {[%emt 0:00:00]} 53. Kg5 {[%emt 0:02:08]} Be7+ {[%emt 0:05:22]} 54. Kh6 {[%emt 0:00:02]} Bf8+ {[%emt 0:01:10]} 55. Kh7 {[%emt 0:00:04]} Bc5 {[%emt 0:00:10]} 56. f4 {[%emt 0:00:40]} Be7 {[%emt 0:00:36]} 57. Ra7 {[%emt 0:01:21]} Kf6 {[%emt 0:00:27]} 58. Kg8 {[%emt 0:00:31]} Bb4 {[%emt 0:00:50]} 59. Ra6+ {[%emt 0:00:35]} Ke7 {[%emt 0:00:01]} 60. Kg7 {[%emt 0:00:15]} Be1 {[%emt 0:00:51]} 61. Rxa3 {[%emt 0:00:18]} 1-0

[Event "12th SRB-ch Women 2018"]
[Site "Kragujevac"]
[Date "2018.03.25"]
[Round "9"]
[White "Milosevic, Jovana"]
[Black "Blagojevic, Tijana"]
[Result "1/2-1/2"]
[WhiteElo "2109"]
[BlackElo "2249"]
[Annotator "NA"]
[PlyCount "153"]
[EventDate "2018.??.??"]
[EventType "tourn"]
[EventCountry "SRB"]
[SourceTitle "playchess.com"]
[Source "ChessBase"]
[SourceQuality "1"]
[TimeControl "40/5400+30:1800+30"]

1. Nf3 {[%emt 0:00:00]} d5 {[%emt 0:00:06]} 2. d4 {[%emt 0:00:00]} Nf6 {[%emt 0:00:07]} 3. c4 {[%emt 0:00:00]} c6 {[%emt 0:00:05]} 4. e3 {[%emt 0:00:00]} Bf5 {[%emt 0:00:14]} 5. Nc3 {[%emt 0:00:09]} e6 {[%emt 0:00:08]} 6. Be2 {[%emt 0:00:35]} h6 {[%emt 0:00:23]} 7. O-O {[%emt 0:00:21]} Nbd7 {[%emt 0:00:12] LiveBook: 81 Games} 8. b3 {[%emt 0:02:07]} Bd6 {[%emt 0:00:20]} 9. Bb2 {[%emt 0:00:11] D12: Slav Defence: 3 Nf3 Nf6 4 e3 Bf5} O-O {[%emt 0:00:28]} 10. Qc1 {[%emt 0:03:24]} (10. Rc1 Qe7 11. h3 Ne4 12. Bd3 Nxc3 13. Bxc3 Bxd3 14. Qxd3 Bb4 15. Bxb4 Qxb4 16. e4 dxe4 17. Qxe4 {1-0 (28) Radjabov,T (2788)-Chadaev,N (2580) Astana 2012}) 10... Qe7 {[%emt 0:02:27]} 11. a4 {[%emt 0:00:08]} a5 $146 {[%emt 0:02:28]} ({Find the theoretical novelty and annotate with similar games:} 11... Rac8 12. Ba3 e5 13. dxe5 Nxe5 14. Nxe5 Qxe5 15. Bxd6 Qxd6 16. Qd2 Qb4 {½-½ (56) Schaffarth,P (2165)-Khanukov,B (2340) Bad Bertrich 2003}) 12. Ba3 {[%emt 0:02:26]} Rfe8 {[%emt 0:02:23]} 13. Bxd6 {[%emt 0:04:34]} Qxd6 {[%emt 0:00:05]} 14. Rd1 {[%emt 0:00:53]} Rad8 {[%emt 0:01:58]} 15. Qb2 {[%emt 0:00:45]} Bh7 {[%emt 0:07:14]} 16. Rac1 {[%emt 0:00:58]} Ne4 {[%emt 0:06:11]} 17. Nxe4 {[%emt 0:03:56]} Bxe4 {[%emt 0:00:52]} 18. Ne5 {[%emt 0:06:25]} Nb8 {[%emt 0:05:10]} 19. Bh5 {[%emt 0:30:01]} Re7 {[%emt 0:01:33]} 20. Qd2 {[%emt 0:09:18]} f6 {[%emt 0:01:58]} 21. Ng6 {[%emt 0:01:23]} Bxg6 {[%emt 0:00:20]} 22. Bxg6 {[%emt 0:00:04]} Qc7 {[%emt 0:03:22]} 23. e4 {[%emt 0:00:25]} ({White should play} 23. cxd5 $16 exd5 24. b4) 23... dxc4 {[%emt 0:06:19]} 24. bxc4 {[%emt 0:00:10]} Red7 {[%emt 0:07:53]} 25. d5 {[%emt 0:04:24]} Na6 {[%emt 0:00:59]} 26. Qe3 {[%emt 0:03:29]} Nb4 {[%emt 0:02:48]} 27. Bh5 {[%emt 0:00:24]} Qe5 {[%emt 0:06:16]} 28. Bg4 {[%emt 0:00:39]} f5 {[%emt 0:04:16]} 29. f4 {[%emt 0:06:35]} Qf6 {[%emt 0:00:22]} 30. e5 {[%emt 0:10:21]} Qf7 {[%emt 0:02:00]} (30... Qf8 $15 31. dxc6 (31. dxe6 Rd3 $19) 31... Nxc6 32. Rxd7 Rxd7) 31. dxc6 {[%emt 0:02:56]} (31. dxe6 $14 Qxe6 32. Rxd7 Rxd7 33. Be2) 31... Nxc6 {[%emt 0:01:25]} 32. Rxd7 {[%emt 0:01:15]} Qxd7 {[%emt 0:00:57]} 33. Rd1 $19 {[%emt 0:00:57]} (33. Bf3 $17) 33... Qc7 {[%emt 0:00:14]} 34. Rxd8+ {[%emt 0:01:13]} Nxd8 {[%emt 0:01:04]} 35. Be2 {[%emt 0:00:09]} b6 {[%emt 0:01:29]} 36. Bf3 {[%emt 0:06:34]} Kf8 {[%emt 0:00:29]} 37. Qd4 {[%emt 0:00:23]} Ke7 {[%emt 0:00:37]} 38. Kf2 {[%emt 0:00:08]} Nf7 {[%emt 0:01:24]} 39. Ke3 {[%emt 0:00:38]} g5 {[%emt 0:01:23]} 40. g3 {[%emt 0:00:13]} g4 {[%emt 0:32:35]} 41. Bg2 {[%emt 0:30:09]} Nh8 {[%emt 0:00:35]} 42. Kd3 {[%emt 0:00:00]} Ng6 {[%emt 0:00:00]} 43. h3 {[%emt 0:00:00]} h5 {[%emt 0:00:00]} 44. hxg4 {[%emt 0:00:00]} hxg4 {[%emt 0:00:00]} 45. Kc3 {[%emt 0:00:00]} Nf8 {[%emt 0:00:00]} 46. Qg1 {[%emt 0:00:00]} Nd7 {[%emt 0:00:00]} 47. Qh1 {[%emt 0:00:00]} Nxe5 {[%emt 0:00:00]} 48. fxe5 {[%emt 0:00:00]} Qxe5+ {[%emt 0:00:00]} 49. Kc2 {[%emt 0:00:00]} Qe2+ {[%emt 0:00:00]} 50. Kc3 {[%emt 0:00:00]} Qe3+ {[%emt 0:00:00]} 51. Kc2 {[%emt 0:00:00]} Qf2+ {[%emt 0:00:00]} 52. Kd1 {[%emt 0:00:00]} Qxg3 {[%emt 0:00:00]} 53. Bc6 {[%emt 0:00:00]} Qd3+ {[%emt 0:00:00]} 54. Ke1 {[%emt 0:00:00]} Kd6 {[%emt 0:00:00]} 55. Bb7 {[%emt 0:00:00]} Qxc4 {[%emt 0:00:00]} 56. Qh2+ {[%emt 0:00:00]} f4 {[%emt 0:00:00]} 57. Qh4 {[%emt 0:00:00]} Qc1+ {[%emt 0:00:00]} 58. Ke2 {[%emt 0:00:00]} Qe3+ {[%emt 0:00:00]} 59. Kd1 {[%emt 0:00:00]} Qd4+ {[%emt 0:03:10]} 60. Ke1 {[%emt 0:00:00]} Qe5+ {[%emt 0:07:36]} 61. Kd2 {[%emt 0:00:00]} Qd4+ {[%emt 0:02:15]} 62. Kc1 {[%emt 0:00:00]} f3 {[%emt 0:08:56]} 63. Qd8+ {[%emt 0:02:40]} Kc5 {[%emt 0:00:04]} 64. Qe7+ {[%emt 0:00:17]} Kc4 {[%emt 0:05:28]} 65. Ba6+ {[%emt 0:06:21]} Kb3 {[%emt 0:00:09]} 66. Qxe6+ {[%emt 0:00:14]} Kxa4 {[%emt 0:03:06]} 67. Kc2 {[%emt 0:02:51]} Kb4 {[%emt 0:03:07]} 68. Qe1+ {[%emt 0:01:49]} Kc5 {[%emt 0:00:10]} 69. Qe7+ {[%emt 0:00:07]} Qd6 {[%emt 0:02:17]} 70. Qg5+ {[%emt 0:00:17]} Kc6 {[%emt 0:00:58]} 71. Qxg4 {[%emt 0:00:37]} Qc5+ {[%emt 0:00:22]} 72. Kd2 {[%emt 0:00:49]} Qf2+ {[%emt 0:03:45]} 73. Kc3 {[%emt 0:00:18]} Qe1+ {[%emt 0:00:32]} 74. Kc2 {[%emt 0:00:10]} Qf2+ {[%emt 0:01:20]} 75. Kd1 {[%emt 0:00:54]} Kc5 {[%emt 0:00:38]} 76. Qc4+ {[%emt 0:00:12]} Kd6 {[%emt 0:00:07]} 77. Qf4+ {[%emt 0:00:22] Ke5} 1/2-1/2